000 00291nam a22001337a 4500
008 170823b xxu||||| |||| 00| 0 eng d
020 _a0534011241
041 _aeng
080 _23RD
_a51
100 _a38
101 _aMAT
245 _aESSENTIAL ALGEBRA
_cJOHNSTON.C.L
942 _2udc
_cBK
999 _c24613
_d24613